Thrice Songs - Statistics

General Stats
  • This quiz has been taken 3 times
  • The average score is 55 of 123
Answer Stats
Album Answer % Correct
Major/Minor Anthology
100%
Vheissu Atlantic
100%
Beggars Beggars
100%
To Be Everywhere Is to Be Nowhere Black Honey
100%
The Alchemy Index Vol. IV : Earth Come All You Weary
100%
The Illusion of Safety Deadbolt
100%
The Alchemy Index Vol. II : Water Digital Sea
100%
The Alchemy Index Vol. I : Fire Firebreather
100%
Identity Crisis Identity Crisis
100%
Vheissu Red Sky
100%
The Illusion of Safety See You in the Shallows
100%
The Artist in the Ambulance Silhouette
100%
The Artist in the Ambulance Stare at the Sun
100%
Identity Crisis T & C
100%
The Artist in the Ambulance The Artist in the Ambulance
100%
Palms The Dark
100%
The Alchemy Index Vol. I : Fire The Flame Deluge
100%
Palms The Grey
100%
The Alchemy Index Vol. II : Water The Whaler
100%
The Illusion of Safety To Awake and Avenge the Dead
100%
The Artist in the Ambulance Under a Killing Moon
100%
Major/Minor Yellow Belly
100%
Palms A Branch in the River
50%
The Illusion of Safety A Living Dance Upon Dead Minds
50%
The Artist in the Ambulance All That’s Left
50%
The Alchemy Index Vol. III : Air A Song for Milly Michaelson
50%
The Alchemy Index Vol. III : Air As the Crow Flies
50%
The Alchemy Index Vol. I : Fire Backdraft
50%
Vheissu Between the End and Where We Lie
50%
Palms Beyond the Pines
50%
The Artist in the Ambulance Blood Clots and Black Holes
50%
To Be Everywhere Is to Be Nowhere Blood on the Sand
50%
Major/Minor Blur
50%
The Alchemy Index Vol. III : Air Broken Lungs
50%
Horizons/East Buried in the Sun
50%
The Alchemy Index Vol. I : Fire Burn the Fleet
50%
Major/Minor Cataracts
50%
Beggars Circles
50%
The Artist in the Ambulance Cold Cash and Colder Hearts
50%
The Alchemy Index Vol. III : Air Daedalus
50%
The Alchemy Index Vol. IV : Earth Digging My Own Grave
50%
The Artist in the Ambulance Don’t Tell and We Won’t Ask
50%
Beggars Doublespeak
50%
Vheissu For Miles
50%
Vheissu Hold Fast Hope
50%
Palms Hold Up a Light
50%
The Artist in the Ambulance Hoods on Peregrine
50%
To Be Everywhere Is to Be Nowhere Hurricane
50%
Vheissu Image of the Invisible
50%
Palms Just Breath
50%
The Illusion of Safety Kill Me Quickly
50%
The Alchemy Index Vol. II : Water Kings Upon the Main
50%
Vheissu Like Moths to Flame
50%
Major/Minor Listen Through Me
50%
The Alchemy Index Vol. IV : Earth Moving Mountains
50%
Vheissu Music Box
50%
The Alchemy Index Vol. II : Water Night Diving
50%
Vheissu Of Dust and Nations
50%
Palms Only Us
50%
The Alchemy Index Vol. II : Water Open Water
50%
The Artist in the Ambulance Paper Tigers
50%
Identity Crisis Phoenix Ignition
50%
Major/Minor Promises
50%
Horizons/East Robot Soft Exorcism
50%
To Be Everywhere Is to Be Nowhere Salt and Shadow
50%
To Be Everywhere Is to Be Nowhere Seneca
50%
The Alchemy Index Vol. III : Air Silver Wings
50%
Vheissu Stand and Feel Your Worth
50%
Beggars Talking Through Glass / We Move Like Swing Sets
50%
The Artist in the Ambulance The Abolition of Man
50%
The Alchemy Index Vol. I : Fire The Arsonist
50%
The Illusion of Safety The Beltsville Crucible
50%
The Alchemy Index Vol. IV : Earth The Earth Isn’t Humming
50%
Vheissu The Earth Will Shake
50%
Beggars The Great Exchange
50%
The Alchemy Index Vol. IV : Earth The Lion and the Wolf
50%
To Be Everywhere Is to Be Nowhere The Long Defeat
50%
The Artist in the Ambulance The Melting Point of Wax
50%
The Alchemy Index Vol. I : Fire The Messenger
50%
Identity Crisis The Next Day
50%
The Illusion of Safety The Red Death
50%
The Alchemy Index Vol. III : Air The Sky Is Falling
50%
Beggars The Weight
50%
The Illusion of Safety Trust
50%
The Illusion of Safety Where Idols Once Stood
50%
Beggars Wood and Wire
50%
Major/Minor Words in the Water
50%
Beggars All the World Is Mad
0%
Identity Crisis As the Ruin Falls
0%
The Illusion of Safety A Subtle Dagger
0%
Identity Crisis A Torch to End All Torches
0%
Beggars At the Last
0%
The Illusion of Safety Betrayal Is a Symptom
0%
Major/Minor Blinded
0%
Palms Blood on Blood
0%
Major/Minor Call It in the Air
0%
The Alchemy Index Vol. IV : Earth Child of Dust
0%
Horizons/East Dandelion Wine
0%
To Be Everywhere Is to Be Nowhere Death from Above
0%
Major/Minor Disarmed
0%
Palms Everything Belongs
0%
Beggars In Exile
0%
The Illusion of Safety In Years to Come
0%
Identity Crisis In Your Hands
0%
The Alchemy Index Vol. II : Water Lost Continent
0%
Palms My Soul
0%
Horizons/East Northern Lights
0%
Horizons/East Scavengers
0%
The Illusion of Safety So Strange I Remember You
0%
To Be Everywhere Is to Be Nowhere Stay with Me
0%
Horizons/East Still Life
0%
Horizons/East Summer Set Fire to the Rain
0%
Horizons/East The Color of the Sky
0%
Horizons/East The Dreamer
0%
To Be Everywhere Is to Be Nowhere The Window
0%
Identity Crisis To What End
0%
Major/Minor Treading Paper
0%
Identity Crisis Ultra Blue
0%
Identity Crisis Under Par
0%
Horizons/East Unitive/East
0%
Identity Crisis Unquestioned Answers
0%
To Be Everywhere Is to Be Nowhere Wake Up
0%
To Be Everywhere Is to Be Nowhere Whistleblower
0%
No matching quizzes found
Score Distribution
Percent of People with Each Score
Percentile by Number Answered
Your Score History
You have not taken this quiz